00305pab a2200121 454500008004000000100002200040245004700062260000900109300001300118362001100131650002100142773002000163180718b2010 xxu||||| |||| 00| 0 eng d aBanerjee, Alok K. aIndian higher education at the cross roads c2010 ap.69-70. a30 Aug aHigher education aUniversity News